[Event "40th World U20 ch"]
[Site "Peristeri GRE"]
[Date "2001.08.26"]
[Round "10.15"]
[White "Bar, Roman"]
[Black "Vajda, Levente"]
[Result "1-0"]
[WhiteElo "2412"]
[BlackElo "2507"]
[EventDate "2001.08.16"]
[PlyCount "89"]

1.e4 e5 2.Nf3 d6 3.d4 exd4 4.Nxd4 Nf6 5.Nc3 Be7 6.g3 O-O 7.Bg2 Bd7 8.O-O 
Nc6 9.h3 Re8 10.Re1 Bf8 11.Bg5 h6 12.Be3 a6 13.Qd2 Qc8 14.Nxc6 bxc6 15.Kh2
Rb8 16.Bd4 Nh7 17.b3 Be7 18.f4 Nf8 19.Rad1 Rd8 20.Re2 Ng6 21.Qe1 c5 22.Bf2
c6 23.e5 dxe5 24.fxe5 c4 25.Na4 c5 26.Nc3 cxb3 27.cxb3 c4 28.bxc4 Bb4 29.
Ba7 Ba5 30.Bxb8 Qxb8 31.Re3 Be6 32.Rxd8+ Qxd8 33.Bd5 Qc7 34.Bxe6 fxe6 35.
Qe2 Bb6 36.Rf3 Nxe5 37.Rf1 h5 38.Qxh5 Nxc4 39.Qe8+ Kh7 40.Qh5+ Kg8 41.Qe8+
Kh7 42.Rf8 Bg1+ 43.Kh1 Qb7+ 44.Kxg1 Qb6+ 45.Rf2 1-0

[Event "40th World U20 ch"]
[Site "Peristeri GRE"]
[Date "2001.08.26"]
[Round "10.16"]
[White "Postny, Evgeny"]
[Black "Schneider, Dmitry"]
[Result "1-0"]
[WhiteElo "2486"]
[BlackElo "2405"]
[EventDate "2001.08.16"]
[PlyCount "191"]

1.d4 d5 2.c4 e5 3.dxe5 d4 4.Nf3 Nc6 5.g3 Be6 6.Nbd2 Bb4 7.Qc2 Nge7 8.a3 
Bf5 9.Qa4 Bxd2+ 10.Bxd2 O-O 11.Bg2 d3 12.e3 Ng6 13.O-O Be4 14.Bc3 Re8 15.
Rad1 Qd7 16.Rd2 Rad8 17.Qd1 Bf5 18.Nd4 Ngxe5 19.Nxf5 Qxf5 20.b3 a5 21.e4 
Qd7 22.f4 Ng4 23.Qf3 f5 24.e5 Qe7 25.h3 Qc5+ 26.Kh1 Ne3 27.Qf2 Qb6 28.Re1 
Nxg2 29.Qxb6 cxb6 30.Kxg2 Nd4 31.Bxd4 Rxd4 32.Re3 Red8 33.a4 Kf7 34.Kf2 h5
35.Kf3 Ke6 36.Re1 g6 37.Rc1 R8d7 38.Rc3 Rd8 39.Ke3 Re4+ 40.Kf2 Red4 41.Kf3
R8d7 42.c5 Rc7 43.Rcxd3 bxc5 44.Ke3 h4 45.gxh4 Re4+ 46.Kf3 Rd4 47.Rxd4 
cxd4 48.Rxd4 Rc3+ 49.Ke2 Rxb3 50.Rd6+ Kf7 51.Rf6+ Ke8 52.Rxg6 Rb4 53.h5 
Rxf4 54.h6 Kf7 55.Rf6+ Ke7 56.h7 Rh4 57.Rb6 Rxh3 58.Kf2 Kf7 59.Rxb7+ Ke6 
60.Kg2 Rh5 61.Ra7 f4 62.Kf3 Kf5 63.Rg7 Rh3+ 64.Kg2 Rh4 65.Re7 Rh5 66.Kf3 
Rh3+ 67.Kg2 Rh5 68.Ra7 Rh4 69.Re7 Rh5 70.e6 Kf6 71.Ra7 Kxe6 72.Kf3 Kf6 73.
Kxf4 Kg6 74.Rxa5 Rh4+ 75.Ke5 Kxh7 76.Ra7+ Kg8 77.a5 Rh5+ 78.Kd6 Rf5 79.Ke6
Rg5 80.Ra8+ Kh7 81.Kf6 Rb5 82.Ra7+ Kg8 83.Ra8+ Kh7 84.Ra7+ Kg8 85.Rg7+ Kf8
86.Rg5 Rb1 87.Ke6 Rd1 88.Rd5 Re1+ 89.Kd7 Re7+ 90.Kc8 Re6 91.Kb7 Re7+ 92.
Kc6 Re6+ 93.Kb5 Re1 94.a6 Ke7 95.a7 Rb1+ 96.Ka6 1-0

[Event "40th World U20 ch"]
[Site "Peristeri GRE"]
[Date "2001.08.26"]
[Round "10.17"]
[White "Pert, Nicholas"]
[Black "Dukic, Nikola"]
[Result "1/2-1/2"]
[WhiteElo "2475"]
[BlackElo "2374"]
[EventDate "2001.08.16"]
[PlyCount "88"]

1.d4 Nf6 2.Nf3 g6 3.g3 Bg7 4.Bg2 O-O 5.O-O d6 6.c4 Nc6 7.Nc3 a6 8.h3 Bd7 
9.e4 e5 10.dxe5 dxe5 11.Re1 Re8 12.Nd5 Nxd5 13.cxd5 Nd4 14.Nxd4 exd4 15.
Bf4 c6 16.Qb3 Qc8 17.h4 b5 18.e5 c5 19.Qd1 h6 20.b4 g5 21.hxg5 hxg5 22.
Bxg5 Rxe5 23.Rxe5 Bxe5 24.Bf4 Bxf4 25.gxf4 a5 26.bxc5 Qxc5 27.Rc1 Qb6 28.
Qd3 Rc8 29.Rd1 Qf6 30.Qg3+ Qg7 31.Rd2 b4 32.Qh4 Rc1+ 33.Kh2 Qh8 34.Qxh8+ 
Kxh8 35.d6 Kg7 36.Bd5 Kf6 37.Rxd4 Rc8 38.Kg3 Rd8 39.Kf3 Be6 40.Bxe6 Kxe6 
41.f5+ Kxf5 42.Rd5+ Ke6 43.Rxa5 Rxd6 44.Ke3 Rb6 1/2-1/2

[Event "40th World U20 ch"]
[Site "Peristeri GRE"]
[Date "2001.08.26"]
[Round "10.18"]
[White "Karttunen, Mika"]
[Black "Franco Alonso, Alejandro"]
[Result "0-1"]
[WhiteElo "2466"]
[BlackElo "2332"]
[EventDate "2001.08.16"]
[PlyCount "100"]

1.d4 Nf6 2.Nf3 e6 3.g3 d5 4.Bg2 Be7 5.O-O O-O 6.c4 c6 7.Qc2 Nbd7 8.b3 b6 
9.Rd1 Ba6 10.Nbd2 c5 11.e4 dxc4 12.e5 Nd5 13.bxc4 Nb4 14.Qb1 Rc8 15.Ba3 
Nc6 16.dxc5 bxc5 17.Bb2 Qc7 18.Qe4 Rfd8 19.h4 h6 20.Bc3 Bb7 21.Qf4 Nf8 22.
h5 Nd4 23.Bxd4 cxd4 24.Rac1 Nd7 25.Nb3 Bxf3 26.Qxf3 Nxe5 27.Qe4 Ba3 28.Rc2
d3 29.Rcd2 Bb4 30.Rb2 Bc3 31.Rbb1 Qxc4 32.f4 Ng4 33.Qf3 Bd4+ 34.Kh1 Nf2+ 
35.Kh2 Nxd1 36.Rxd1 Bc3 37.Bf1 Qa4 38.Nc1 d2 39.Nd3 Qxa2 40.f5 Qd5 41.Qxd5
Rxd5 42.fxe6 Rxh5+ 43.Bh3 fxe6 44.Nf4 Rxh3+ 45.Kxh3 a5 46.Ne2 Bb4 47.Kg2 
a4 48.Kf3 a3 49.Ke3 a2 50.Kd3 Rc1 0-1

[Event "40th World U20 ch"]
[Site "Peristeri GRE"]
[Date "2001.08.26"]
[Round "10.20"]
[White "Stryjecki, Marek"]
[Black "Zenklusen, Rico"]
[Result "1-0"]
[WhiteElo "2441"]
[BlackElo "2220"]
[EventDate "2001.08.16"]
[PlyCount "49"]

1.c4 Nf6 2.Nc3 e5 3.g3 d5 4.cxd5 Nxd5 5.Bg2 Nb6 6.Nf3 Nc6 7.O-O Be7 8.Rb1 
O-O 9.b4 a6 10.a3 Re8 11.d3 Bf8 12.Bb2 Nd4 13.Nd2 c6 14.e3 Nb5 15.Qc2 Nxc3
16.Bxc3 Nd5 17.Ba1 a5 18.b5 Bxa3 19.bxc6 bxc6 20.Qxc6 Be6 21.Rb5 Nc7 22.
Rxe5 Rc8 23.Nc4 Qxd3 24.Nb6 Rcd8 25.Rg5 1-0

[Event "40th World U20 ch"]
[Site "Peristeri GRE"]
[Date "2001.08.26"]
[Round "10.22"]
[White "Guidarelli, Laurent"]
[Black "Berkvens, Joost"]
[Result "1-0"]
[WhiteElo "2323"]
[BlackElo "2444"]
[EventDate "2001.08.16"]
[PlyCount "65"]

1.e4 c5 2.Nf3 d6 3.d4 cxd4 4.Nxd4 Nf6 5.Nc3 Nc6 6.f3 Qb6 7.Nb3 e6 8.Qe2 a6
9.Be3 Qc7 10.g4 b5 11.Qf2 Bb7 12.Bb6 Qc8 13.O-O-O Be7 14.g5 Nd7 15.Be3 Qc7
16.Rg1 Rc8 17.Kb1 Nce5 18.f4 b4 19.Nd5 exd5 20.fxe5 dxe5 21.exd5 O-O 22.
Bd3 Bd6 23.h4 Rfe8 24.Be4 a5 25.h5 Rf8 26.Rh1 a4 27.Qf5 g6 28.Qh3 axb3 29.
hxg6 bxc2+ 30.Kc1 cxd1=Q+ 31.Kxd1 Nf6 32.g7 h5 33.gxf6 1-0

[Event "40th World U20 ch"]
[Site "Peristeri GRE"]
[Date "2001.08.26"]
[Round "10.23"]
[White "Alvarez Marquez, Johann"]
[Black "Erturan, Yakup"]
[Result "1-0"]
[WhiteElo "2382"]
[BlackElo "2211"]
[EventDate "2001.08.16"]
[PlyCount "71"]

1.d4 d5 2.c4 dxc4 3.Nf3 Nf6 4.e3 e6 5.Bxc4 c5 6.O-O a6 7.Bb3 cxd4 8.exd4 
Nc6 9.Nc3 Be7 10.Re1 Na5 11.Bc2 b5 12.Bg5 O-O 13.Qd3 g6 14.Ne5 Bb7 15.Rad1
Nd5 16.Bxe7 Qxe7 17.Ne4 f6 18.Qd2 Rac8 19.Nd3 Nc4 20.Qe2 Rce8 21.Nec5 Bc8 
22.Bb3 Ncb6 23.a3 Qd6 24.Qe4 Kg7 25.f4 Re7 26.Rd2 Rfe8 27.Rde2 Nc4 28.g3 
Nc7 29.Nb4 Na5 30.Ba2 Kf8 31.Qe3 Nb7 32.Ne4 Qb6 33.Nxf6 Rd8 34.d5 Qxe3+ 
35.Rxe3 Rd6 36.Ne4 1-0

[Event "40th World U20 ch"]
[Site "Peristeri GRE"]
[Date "2001.08.26"]
[Round "10.24"]
[White "Deseatnicov, Ivan"]
[Black "Kapnisis, Spyridon"]
[Result "0-1"]
[WhiteElo "2309"]
[BlackElo "2373"]
[EventDate "2001.08.16"]
[PlyCount "102"]

1.e4 c5 2.Nf3 g6 3.c4 Bg7 4.d4 Nc6 5.dxc5 Qa5+ 6.Nfd2 Qxc5 7.Nb3 Qb6 8.Be2
d6 9.O-O Nf6 10.Nc3 O-O 11.Be3 Qd8 12.Nd4 Bd7 13.Rc1 Nxd4 14.Bxd4 Bc6 15.
Qd3 a5 16.b3 Nd7 17.Bxg7 Kxg7 18.Qd4+ Kg8 19.Nd5 e5 20.Qe3 Bxd5 21.cxd5 
Nc5 22.g3 Qe7 23.a3 a4 24.b4 Nb3 25.Rc3 Rac8 26.Rxc8 Rxc8 27.Bb5 Nd4 28.
Qd3 Rc2 29.Kg2 Qc7 30.Ra1 Nb3 31.Rd1 Rc3 32.Qf1 Nd4 33.Ra1 Nc2 34.Ra2 Nxa3
35.Bxa4 Qb6 36.Rb2 Nc4 37.Rc2 Rxc2 38.Bxc2 Qxb4 39.Bd3 b5 40.Qa1 Na3 41.
Qc1 Qc5 42.Qg5 Kg7 43.Qe7 b4 44.g4 h6 45.h4 Qc8 46.f3 Qb8 47.Qd7 Qb6 48.g5
hxg5 49.hxg5 Qe3 50.Qxd6 Qxg5+ 51.Kh3 Qf6 0-1

[Event "40th World U20 ch"]
[Site "Peristeri GRE"]
[Date "2001.08.26"]
[Round "10.25"]
[White "Zhao, Zong Yuan"]
[Black "Carlsson, Pontus"]
[Result "1/2-1/2"]
[WhiteElo "2359"]
[BlackElo "2330"]
[EventDate "2001.08.16"]
[PlyCount "115"]

1.e4 c5 2.Nf3 d6 3.d4 Nf6 4.Nc3 cxd4 5.Nxd4 g6 6.Be3 Bg7 7.f3 O-O 8.Qd2 
Nc6 9.Bc4 Bd7 10.O-O-O Rc8 11.Bb3 Ne5 12.Kb1 Nc4 13.Bxc4 Rxc4 14.g4 Qb8 
15.g5 Nh5 16.Nd5 Re8 17.Ne2 Be6 18.b3 Rcc8 19.Ng3 Bxd5 20.exd5 Qc7 21.Nxh5
gxh5 22.f4 a5 23.f5 a4 24.Rhg1 axb3 25.cxb3 Qc3 26.f6 Qxd2 27.Rxd2 Bf8 28.
Bf4 e6 29.dxe6 Rxe6 30.Rgd1 Rc6 31.b4 h6 32.Rd5 Rc4 33.R5d4 Rxd4 34.Rxd4 
hxg5 35.Bxg5 Kh7 36.a4 Kg6 37.Bh4 Kf5 38.b5 Bh6 39.Bg3 Kxf6 40.Rxd6 Rxd6 
41.Bxd6 Ke6 42.Bc7 Kd5 43.a5 Be3 44.Kc2 Kc4 45.a6 bxa6 46.b6 a5 47.b7 Ba7 
48.b8=Q Bxb8 49.Bxb8 a4 50.Bc7 a3 51.Bd8 Kd4 52.Kd2 Ke5 53.Ba5 Kf4 54.Ke2 
Kg4 55.Kf2 Kh3 56.Kg1 f5 57.Bc3 a2 58.Bb2 1/2-1/2

[Event "40th World U20 ch"]
[Site "Peristeri GRE"]
[Date "2001.08.27"]
[Round "11.2"]
[White "Acs, Peter"]
[Black "Gagunashvili, Merab"]
[Result "1-0"]
[WhiteElo "2514"]
[BlackElo "2445"]
[EventDate "2001.08.16"]
[PlyCount "97"]

1.e4 c5 2.Nf3 Nc6 3.d4 cxd4 4.Nxd4 Nf6 5.Nc3 e5 6.Ndb5 d6 7.Bg5 a6 8.Na3 
b5 9.Bxf6 gxf6 10.Nd5 f5 11.Bd3 Be6 12.O-O Bg7 13.Qh5 f4 14.c4 bxc4 15.
Bxc4 O-O 16.Rac1 Nd4 17.Nc2 Nxc2 18.Rxc2 Rc8 19.Rfc1 Kh8 20.g4 Rc5 21.f3 
Bxd5 22.Bxd5 Rxd5 23.exd5 Qb6+ 24.Kg2 e4 25.fxe4 Qe3 26.Qh3 Qxe4+ 27.Qf3 
Qd4 28.b3 Be5 29.Rd1 Qa7 30.Qe4 f5 31.gxf5 Qg7+ 32.Kh1 Qg4 33.Rdc1 Qh5 34.
Rc8 Rxc8 35.Rxc8+ Kg7 36.Rc1 Kf6 37.Rf1 Qh3 38.Qg2 Qxf5 39.Rg1 Ke7 40.Qg5+
Qxg5 41.Rxg5 Kf6 42.Rh5 Kg6 43.Rh3 Kf5 44.Rxh7 Ke4 45.Kg2 f3+ 46.Kf1 Kxd5 
47.Rh4 Bf6 48.Ra4 Kc5 49.Kf2 1-0

[Event "40th World U20 ch"]
[Site "Peristeri GRE"]
[Date "2001.08.27"]
[Round "11.5"]
[White "Azarov, Sergei"]
[Black "Miton, Kamil"]
[Result "1/2-1/2"]
[WhiteElo "2461"]
[BlackElo "2516"]
[EventDate "2001.08.16"]
[PlyCount "71"]

1.e4 c5 2.Nf3 Nc6 3.d4 cxd4 4.Nxd4 Nf6 5.Nc3 d6 6.Bc4 e6 7.Be3 a6 8.Bb3 
Na5 9.O-O Nxb3 10.cxb3 Be7 11.f3 e5 12.Nc2 Be6 13.Nb4 O-O 14.Qd2 Rc8 15.
Rac1 h6 16.Rfd1 a5 17.Nbd5 Nxd5 18.Nxd5 Bxd5 19.Rxc8 Qxc8 20.Qxd5 Qc2 21.
Qd2 Rc8 22.Qxc2 Rxc2 23.Rd2 Rc6 24.g3 Bd8 25.Rd5 Kf8 26.Rb5 Rc2 27.Rxb7 
Rxb2 28.a4 Re2 29.Ba7 Rd2 30.h4 Ke8 31.Be3 Re2 32.Bf2 h5 33.Kf1 Rb2 34.Be3
g6 35.Ke1 f5 36.Kf1 1/2-1/2

[Event "40th World U20 ch"]
[Site "Peristeri GRE"]
[Date "2001.08.27"]
[Round "11.6"]
[White "Korobov, Anton"]
[Black "Horvath, Adam"]
[Result "1/2-1/2"]
[WhiteElo "2470"]
[BlackElo "2504"]
[EventDate "2001.08.16"]
[PlyCount "93"]

1.d4 Nf6 2.c4 e6 3.Nf3 b6 4.g3 Ba6 5.Nbd2 Bb4 6.Qc2 Bb7 7.Bg2 Be4 8.Qd1 
Bxd2+ 9.Qxd2 O-O 10.b3 a5 11.O-O a4 12.Ba3 d6 13.b4 b5 14.cxb5 Qd7 15.Rfc1
Qxb5 16.Bf1 h6 17.Qf4 Qb7 18.Nd2 Bd5 19.f3 Qb6 20.Kh1 Nbd7 21.Nc4 Bxc4 22.
Rxc4 e5 23.Qc1 exd4 24.Rc6 Qb8 25.Rxc7 Ne5 26.b5 Rd8 27.Rb1 Nd5 28.b6 Nc3 
29.Rxc3 dxc3 30.Qxc3 Qb7 31.Bh3 Qd5 32.b7 Rab8 33.Bc8 Nc4 34.e4 Qc6 35.Bb2
Ne5 36.Rc1 Rbxc8 37.bxc8=Q Rxc8 38.Qxc6 Rxc6 39.Rxc6 Nxc6 40.Ba3 Ne5 41.f4
Nc4 42.Bb4 g6 43.Kg2 f5 44.Kf3 Kf7 45.g4 fxg4+ 46.Kxg4 d5 47.exd5 1/2-1/2

[Event "40th World U20 ch"]
[Site "Peristeri GRE"]
[Date "2001.08.27"]
[Round "11.7"]
[White "Bakre, Tejas"]
[Black "Berg, Emanuel"]
[Result "0-1"]
[WhiteElo "2463"]
[BlackElo "2496"]
[EventDate "2001.08.16"]
[PlyCount "124"]

1.e4 e6 2.d4 d5 3.Nc3 Bb4 4.e5 c5 5.a3 Bxc3+ 6.bxc3 Qc7 7.Nf3 b6 8.a4 Ba6 
9.Bxa6 Nxa6 10.Qe2 Nb8 11.O-O Ne7 12.c4 dxc4 13.dxc5 bxc5 14.Qxc4 Nd7 15.
Re1 O-O 16.Bg5 Ng6 17.Qe4 Rab8 18.c3 h6 19.Bd2 Rfd8 20.h4 Rb2 21.Rad1 Nb6 
22.a5 Nd5 23.c4 Nb4 24.Be3 Rxd1 25.Rxd1 Nc6 26.Bxc5 Nxa5 27.Qd4 Rb7 28.h5 
Nf8 29.Bxf8 Kxf8 30.c5 Nc6 31.Qe4 Rb5 32.Qh7 Rxc5 33.Qh8+ Ke7 34.Qxg7 Nxe5
35.Nxe5 Qxe5 36.Qxh6 Qxh5 37.Qd2 Rd5 38.Qb4+ Kf6 39.Qc3+ Kg6 40.Re1 a5 41.
g3 Qh3 42.Qc2+ Kg7 43.Qc3+ Kg6 44.Qc2+ Qf5 45.Qc3 Qd3 46.Qh8 Qf3 47.Qg8+ 
Kf6 48.Qh8+ Kg6 49.Qg8+ Kf6 50.Qh8+ Ke7 51.Qh4+ Kf8 52.Qh8+ Ke7 53.Qh4+ 
Ke8 54.Qh8+ Kd7 55.Qa8 Ke7 56.Qb7+ Kf8 57.Qb8+ Kg7 58.Qb2+ Kh7 59.Qc2+ Kg8
60.Rb1 Rh5 61.Rb8+ Kg7 62.Qb2+ e5 0-1

[Event "40th World U20 ch"]
[Site "Peristeri GRE"]
[Date "2001.08.27"]
[Round "11.8"]
[White "Neiksans, Arturs"]
[Black "Izoria, Zviad"]
[Result "0-1"]
[WhiteElo "2435"]
[BlackElo "2487"]
[EventDate "2001.08.16"]
[PlyCount "84"]

1.e4 e6 2.d3 d5 3.Nd2 Nf6 4.Ngf3 c5 5.g3 g6 6.Bg2 Bg7 7.O-O Nc6 8.Re1 O-O 
9.Qe2 b6 10.Nf1 e5 11.Bg5 d4 12.Qd2 Bd7 13.h3 b5 14.c3 Qe7 15.cxd4 cxd4 
16.Rec1 Rfc8 17.Kh2 Qd6 18.Ng1 h5 19.Qe2 a5 20.Bd2 a4 21.a3 h4 22.Bf3 
hxg3+ 23.fxg3 b4 24.Qe1 bxa3 25.bxa3 Rcb8 26.Bd1 Rb2 27.Ne2 Ra6 28.g4 Be6 
29.Bc2 Nd7 30.Qd1 Nc5 31.Rcb1 Rxb1 32.Rxb1 Nb3 33.Bc1 Qc5 34.Bb2 Bh6 35.
Nc1 Nca5 36.Na2 Rb6 37.Nb4 Nc6 38.Nxc6 Rxc6 39.Bxb3 Bxb3 40.Qe2 Qe7 41.Kg1
Rc2 42.Qf3 Ba2 0-1

[Event "40th World U20 ch"]
[Site "Peristeri GRE"]
[Date "2001.08.27"]
[Round "11.9"]
[White "Palliser, Richard"]
[Black "Postny, Evgeny"]
[Result "1/2-1/2"]
[WhiteElo "2337"]
[BlackElo "2486"]
[EventDate "2001.08.16"]
[PlyCount "85"]

1.d4 Nf6 2.Nf3 e6 3.e3 b6 4.Bd3 Bb7 5.O-O Be7 6.c4 O-O 7.Nc3 d5 8.cxd5 
exd5 9.b3 Nbd7 10.Bb2 Ne4 11.Ne2 Bd6 12.Rc1 Qe7 13.Ng3 f5 14.Bb5 Rf6 15.
Qc2 Rc8 16.Bc6 Bxc6 17.Qxc6 Qe6 18.Qb7 Rff8 19.Ne2 Rb8 20.Qc6 Ndc5 21.Ne5 
Bxe5 22.Qxe6+ Nxe6 23.dxe5 N4c5 24.Rfd1 Rfd8 25.Ba3 a5 26.Bxc5 bxc5 27.Nf4
Nxf4 28.exf4 c4 29.bxc4 d4 30.Rb1 Rb4 31.Rxb4 axb4 32.c5 Ra8 33.g3 Rxa2 
34.Rxd4 b3 35.Rb4 b2 36.Kg2 Kf7 37.c6 Ke6 38.Rb5 h6 39.h4 h5 40.Kh3 Ke7 
41.Kg2 Ke6 42.Kh3 Ke7 43.Kg2 1/2-1/2

[Event "40th World U20 ch"]
[Site "Peristeri GRE"]
[Date "2001.08.27"]
[Round "11.11"]
[White "Franco Alonso, Alejandro"]
[Black "Roiz, Michael"]
[Result "1/2-1/2"]
[WhiteElo "2332"]
[BlackElo "2511"]
[EventDate "2001.08.16"]
[PlyCount "157"]

1.d4 Nf6 2.c4 e6 3.g3 d5 4.Bg2 dxc4 5.Nf3 Nc6 6.Qa4 Bb4+ 7.Bd2 Bd6 8.O-O 
O-O 9.Qxc4 e5 10.dxe5 Nxe5 11.Nxe5 Bxe5 12.Bc3 Qe7 13.Bxe5 Qxe5 14.Nc3 c6 
15.Rad1 Be6 16.Qd4 Qa5 17.Qd2 Rfd8 18.Qc2 h6 19.Rxd8+ Rxd8 20.Rd1 Rd7 21.
Rd2 Qd8 22.Rxd7 Qxd7 23.Qd3 Qxd3 24.exd3 Kf8 25.Kf1 Ke7 26.a3 Nd7 27.Ke2 
Kd6 28.Ne4+ Kc7 29.Nc3 a6 30.d4 Nb6 31.Kd3 f5 32.h4 Kd6 33.Kd2 Nd7 34.Ke3 
Nf6 35.Ke2 Bb3 36.Bh3 g6 37.Bg2 a5 38.Kd2 b6 39.Ke2 Bc4+ 40.Kd2 b5 41.b4 
a4 42.Bf3 Nd7 43.Bd1 Nb6 44.Bc2 Bf1 45.Ke1 Bg2 46.Bd3 g5 47.hxg5 hxg5 48.
Kd2 Ke6 49.f4 gxf4 50.gxf4 Bd5 51.Ke3 Bc4 52.Bb1 Kf6 53.Kf2 Kg6 54.Ke3 Kf6
55.Kf2 Ke6 56.Ke3 Nd7 57.Kf2 Nf6 58.Ke3 Bd5 59.Bd3 Bb3 60.Bb1 Ne8 61.Kf2 
Nd6 62.Bd3 Bc4 63.Bb1 Bd5 64.Bd3 Kf6 65.Ke3 Kg6 66.Be2 Kh6 67.Kf2 Bh1 68.
Kg1 Bd5 69.Kf2 Kg6 70.Ke3 Kf6 71.Bd3 Bc4 72.Bb1 Kf7 73.Bc2 Ke7 74.Kf2 Kf6 
75.Ke3 Ke7 76.Kf2 Ke6 77.Ke3 Bf1 78.Kf2 Bc4 79.Bb1 1/2-1/2

[Event "40th World U20 ch"]
[Site "Peristeri GRE"]
[Date "2001.08.27"]
[Round "11.12"]
[White "Panchanathan, Magesh Chandran"]
[Black "Simutowe, Amon"]
[Result "1-0"]
[WhiteElo "2339"]
[BlackElo "2462"]
[EventDate "2001.08.16"]
[PlyCount "59"]

1.e4 c5 2.Nf3 Nc6 3.d4 cxd4 4.Nxd4 Qc7 5.Nc3 e6 6.Be3 Nf6 7.Be2 a6 8.O-O 
d6 9.f4 Be7 10.Kh1 O-O 11.Qe1 Nxd4 12.Bxd4 b5 13.e5 dxe5 14.Bxe5 Qb6 15.
Bd3 Bb7 16.Qh4 Rfd8 17.Rae1 h6 18.Qg3 Nh5 19.Qh3 Nf6 20.f5 b4 21.Ne2 exf5 
22.Ng3 Ng4 23.Nxf5 Nf2+ 24.Rxf2 Qxf2 25.Nxe7+ Kf8 26.Bxg7+ Ke8 27.Re5 f5 
28.Nxf5+ Kd7 29.Re7+ Kc6 30.Qxh6+ 1-0

[Event "40th World U20 ch"]
[Site "Peristeri GRE"]
[Date "2001.08.27"]
[Round "11.14"]
[White "Markos, Jan"]
[Black "Guidarelli, Laurent"]
[Result "1-0"]
[WhiteElo "2479"]
[BlackElo "2323"]
[EventDate "2001.08.16"]
[PlyCount "73"]

1.d4 Nf6 2.Nf3 c5 3.d5 b5 4.Bg5 Ne4 5.Bf4 Bb7 6.Qd3 Qa5+ 7.c3 f5 8.Nbd2 c4
9.Qd4 Nf6 10.Bxb8 Rxb8 11.Qe5 Rc8 12.Qxf5 Bxd5 13.e4 Be6 14.Qf4 b4 15.Be2 
bxc3 16.bxc3 g6 17.O-O Bg7 18.Nd4 Bf7 19.Qe3 e5 20.Nc2 d5 21.Bf3 O-O 22.
exd5 Bxd5 23.Nb4 Bxf3 24.Nxf3 e4 25.Nd4 Rce8 26.Qe2 Qc5 27.Rab1 Nh5 28.
Nbc6 Nf4 29.Qg4 Bxd4 30.Nxd4 h5 31.Qd7 Re7 32.Rb5 Qxd4 33.Qxe7 Ne2+ 34.Kh1
Qf6 35.Qxe4 Nxc3 36.Qxc4+ Kh8 37.Rc5 1-0

[Event "40th World U20 ch"]
[Site "Peristeri GRE"]
[Date "2001.08.27"]
[Round "11.15"]
[White "Kapnisis, Spyridon"]
[Black "Pert, Nicholas"]
[Result "0-1"]
[WhiteElo "2373"]
[BlackElo "2475"]
[EventDate "2001.08.16"]
[PlyCount "82"]

1.e4 e6 2.d4 d5 3.Nd2 Nf6 4.e5 Nfd7 5.f4 c5 6.Ngf3 Nc6 7.Bd3 Qb6 8.dxc5 
Nxc5 9.Nb3 Nb4 10.Be2 Nxb3 11.axb3 d4 12.Bc4 Bd7 13.c3 dxc3 14.bxc3 Nd5 
15.Bxd5 exd5 16.Nd4 Rc8 17.O-O Rxc3 18.Bb2 Bb4 19.Kh1 O-O 20.f5 Re3 21.f6 
Re8 22.Nf3 Qb5 23.Qc1 Qe2 24.Bd4 Bh3 25.gxh3 Rxf3 26.Rg1 g6 27.Rg2 Qd3 28.
Bc5 Bxc5 29.Qxc5 Rf1+ 30.Rxf1 Qxf1+ 31.Rg1 Qf3+ 32.Rg2 Qe4 33.Qxa7 d4 34.
Qc5 Qe1+ 35.Rg1 Qe4+ 36.Rg2 Rxe5 37.Qc8+ Re8 38.Qg4 d3 39.Qxe4 Rxe4 40.Rd2
Rd4 41.Kg2 Rd6 0-1

[Event "40th World U20 ch"]
[Site "Peristeri GRE"]
[Date "2001.08.27"]
[Round "11.17"]
[White "Dukic, Nikola"]
[Black "Alvarez Marquez, Johann"]
[Result "0-1"]
[WhiteElo "2374"]
[BlackElo "2382"]
[EventDate "2001.08.16"]
[PlyCount "72"]

1.d4 Nf6 2.c4 e6 3.Nc3 Bb4 4.e3 c5 5.Bd3 O-O 6.Nf3 d5 7.a3 dxc4 8.Bxc4 
cxd4 9.exd4 Bxc3+ 10.bxc3 Qc7 11.Qd3 b6 12.Bg5 Nbd7 13.O-O Bb7 14.Ba2 Be4 
15.Qe3 b5 16.Ne5 Bf5 17.Rac1 Nxe5 18.Qxe5 Qxe5 19.dxe5 Nd7 20.Be7 Rfc8 21.
Bd6 Nb6 22.Rfe1 Rc6 23.Re3 Nc8 24.Rd1 Nxd6 25.Rxd6 Rxd6 26.exd6 Rd8 27.c4 
bxc4 28.Bxc4 Rxd6 29.f3 h5 30.Kf2 g5 31.Be2 Kg7 32.Rc3 Rd2 33.Kf1 Ra2 34.
Bb5 h4 35.h3 Kf6 36.a4 Bc2 0-1

[Event "40th World U20 ch"]
[Site "Peristeri GRE"]
[Date "2001.08.27"]
[Round "11.18"]
[White "Kristjansson, Stefan"]
[Black "Hersvik, Daniel"]
[Result "1/2-1/2"]
[WhiteElo "2380"]
[BlackElo "2241"]
[EventDate "2001.08.16"]
[PlyCount "108"]

1.c4 e5 2.e3 Nf6 3.a3 c6 4.b3 d5 5.Bb2 Bd6 6.d3 O-O 7.Nd2 h6 8.Ngf3 Qe7 9.
Be2 Bf5 10.Qc2 Nbd7 11.h3 Bh7 12.b4 a5 13.c5 Bc7 14.e4 Ne8 15.g4 Bd8 16.
Nf1 Qe6 17.Ng3 b6 18.cxb6 Bxb6 19.O-O axb4 20.axb4 Rxa1 21.Bxa1 c5 22.bxc5
Bxc5 23.Nxe5 Bxf2+ 24.Rxf2 Nxe5 25.exd5 Qxd5 26.Nf5 Bxf5 27.Rxf5 Qc6 28.
Bc3 Ng6 29.Qb2 Nh4 30.Rf2 f5 31.Bb4 Rf7 32.Bd1 Kh7 33.Qd2 Nf6 34.gxf5 Nd5 
35.d4 Qc7 36.Kf1 Qg3 37.Bg4 Rb7 38.f6 gxf6 39.Qc2+ f5 40.Bd2 Kg7 41.Qc6 
Qd3+ 42.Kg1 Qg3+ 43.Kf1 Qd3+ 44.Kg1 Rb1+ 45.Kh2 Nf6 46.Qc7+ Kg8 47.Be2 Qe4
48.Bc4+ Kh8 49.Qd8+ Ne8 50.Bd5 Rh1+ 51.Kg3 Rg1+ 52.Kh2 Rh1+ 53.Kg3 Rg1+ 
54.Kh2 Rh1+ 1/2-1/2

[Event "40th World U20 ch"]
[Site "Peristeri GRE"]
[Date "2001.08.27"]
[Round "11.19"]
[White "Du Shan"]
[Black "Venkatesh, Marani Rajendran"]
[Result "1-0"]
[WhiteElo "2352"]
[BlackElo "2356"]
[EventDate "2001.08.16"]
[PlyCount "62"]

1.e4 c5 2.c4 Nc6 3.Nc3 g6 4.g3 Bg7 5.Bg2 e6 6.Nge2 Nge7 7.O-O O-O 8.Rb1 d6
9.a3 a5 10.d3 Nd4 11.Nxd4 cxd4 12.Nb5 Qb6 13.a4 Qc5 14.Bf4 Ra6 15.Qd2 f5 
16.exf5 Nxf5 17.b4 axb4 18.Qxb4 e5 19.Bd2 Bh6 20.Be1 Qxb4 21.Bxb4 Bg5 22.
g4 Nh4 23.Bd5+ Kg7 24.Bxd6 Bxg4 25.Bxf8+ Kxf8 26.Nc7 Rf6 27.Rxb7 Nf3+ 28.
Bxf3 Rxf3 29.a5 Rf7 30.a6 Bc8 31.Ne6+ Ke8 1-0

[Event "40th World U20 ch"]
[Site "Peristeri GRE"]
[Date "2001.08.27"]
[Round "11.21"]
[White "Vajda, Levente"]
[Black "Khamzin, Olzhas"]
[Result "1-0"]
[WhiteElo "2507"]
[BlackElo "2223"]
[EventDate "2001.08.16"]
[PlyCount "127"]

1.e4 e5 2.Nf3 Nc6 3.Bb5 Nf6 4.O-O Nxe4 5.d4 Nd6 6.Bxc6 dxc6 7.dxe5 Nf5 8.
Qxd8+ Kxd8 9.Nc3 Bd7 10.Bg5+ Kc8 11.Rad1 h6 12.Bc1 b6 13.b3 Ne7 14.Nd4 c5 
15.Nde2 Nc6 16.f4 Bf5 17.Rd2 c4 18.Ng3 Bc5+ 19.Kh1 Bg4 20.h3 h5 21.Nge4 
Be3 22.Rd5 Bxc1 23.Rxc1 Be6 24.Rd2 Kb7 25.Ng5 cxb3 26.cxb3 Rad8 27.Rf2 g6 
28.Nxe6 fxe6 29.Nb5 Rd5 30.Rfc2 Rc5 31.Rxc5 bxc5 32.Nc3 Nb4 33.Na4 Nd3 34.
Nxc5+ Nxc5 35.Rxc5 Rd8 36.Kh2 Rd2 37.Rb5+ Kc8 38.Ra5 Kb7 39.Kg3 Kb6 40.Ra4
c5 41.Kf3 h4 42.Kg4 Rxg2+ 43.Kxh4 a5 44.Re4 Rxa2 45.Kg5 Kc6 46.Kxg6 Kd5 
47.Re3 Rf2 48.Kg5 Kd4 49.Rg3 c4 50.bxc4 Kxc4 51.Kf6 Kd5 52.Kg5 a4 53.Ra3 
Rg2+ 54.Kf6 Rf2 55.Rxa4 Rh2 56.Ra5+ Ke4 57.Kxe6 Kxf4 58.Ra4+ Kg5 59.Rg4+ 
Kh6 60.Rg3 Ra2 61.Kf6 Rf2+ 62.Ke7 Re2 63.e6 Re1 64.Kf7 1-0

[Event "40th World U20 ch"]
[Site "Peristeri GRE"]
[Date "2001.08.27"]
[Round "11.23"]
[White "Kose, Serkan"]
[Black "Flores, Diego"]
[Result "1/2-1/2"]
[WhiteElo "2217"]
[BlackElo "2425"]
[EventDate "2001.08.16"]
[PlyCount "128"]

1.e4 e5 2.Nf3 Nc6 3.Bb5 a6 4.Ba4 Nf6 5.O-O Be7 6.Re1 b5 7.Bb3 d6 8.c3 O-O 
9.h3 Na5 10.Bc2 c5 11.d4 Qc7 12.Nbd2 cxd4 13.cxd4 Nc6 14.Nb3 a5 15.Be3 a4 
16.Nbd2 Bd7 17.Rc1 Qb8 18.d5 Nb4 19.Bb1 Bd8 20.Nf1 Ne8 21.g4 Bb6 22.Ng3 
Bxe3 23.Rxe3 g6 24.Kh2 Ng7 25.Qd2 Na6 26.Rec3 b4 27.R3c2 f6 28.Qh6 Nc5 29.
Rc4 Bb5 30.R4c2 b3 31.axb3 axb3 32.Rc3 Ra1 33.Nh4 Qa7 34.Rf3 Be8 35.Rg1 
Qe7 36.Ng2 Kh8 37.h4 Bd7 38.Ne3 Na4 39.Nc4 Bxg4 40.Rxb3 Nc5 41.Rb6 Ra6 42.
Rxa6 Nxa6 43.Ne3 Bd7 44.h5 g5 45.Bd3 Nc5 46.Bc2 Nb7 47.Ra1 Qd8 48.Ra6 Rf7 
49.Ra7 Qb8 50.Ra2 Kg8 51.Ba4 Bc8 52.Bc6 Nd8 53.Ra8 Qc7 54.Ngf5 Nxf5 55.
Nxf5 Bxf5 56.exf5 Rf8 57.b4 Qb6 58.Kg1 Qxb4 59.Ra7 Qg4+ 60.Kf1 Nf7 61.Qxf6
Qd1+ 62.Kg2 Qxh5 63.Qxd6 Qg4+ 64.Kf1 Qd1+ {...} 1/2-1/2

[Event "40th World U20 ch"]
[Site "Peristeri GRE"]
[Date "2001.08.27"]
[Round "11.25"]
[White "Collins, Sam"]
[Black "Zhao, Zong Yuan"]
[Result "0-1"]
[WhiteElo "2195"]
[BlackElo "2359"]
[EventDate "2001.08.16"]
[PlyCount "62"]

1.e4 c5 2.Nf3 d6 3.d4 cxd4 4.Nxd4 Nf6 5.Nc3 g6 6.Be3 Bg7 7.f3 O-O 8.Qd2 
Nc6 9.O-O-O d5 10.Qe1 e5 11.Nxc6 bxc6 12.exd5 Nxd5 13.Bc4 Be6 14.Bc5 Qg5+ 
15.Kb1 Rfd8 16.Ne4 Qxg2 17.Rg1 Qxf3 18.Rf1 Qxd1+ 19.Qxd1 Nc3+ 20.Nxc3 
Rxd1+ 21.Rxd1 Bxc4 22.Rd6 Rc8 23.Bxa7 f5 24.a4 e4 25.a5 Be5 26.Rd7 Re8 27.
Nd1 f4 28.Nf2 e3 29.Nd3 Bxd3 30.cxd3 Bb8 31.Bd4 f3 0-1